Obra científica [de Manuel Sandoval Vallarta] /

保存先:
書誌詳細
第一著者: Sandoval Vallarta, Manuel (autor)
その他の著者: Mondragón, Alfonso (compilación) (compilación), Barnés, Dorotea (compilación) (compilación)
フォーマット: 図書
言語:スペイン語
出版事項: México : UNAM : Instituto Nacional de Energía Nuclear, 1978, c1978
タグ: タグ追加
タグなし, このレコードへの初めてのタグを付けませんか!

MARC

LEADER 00000nam^a2200000^a^4500
001 000432108
005 20250526000000.0
009 20260310123005.826
037 |a Acervo ITESO - Biblioteca 
041 |a ESP 
091 |a FHM. 05855 
100 |a Sandoval Vallarta, Manuel  |e (autor) 
245 1 0 |a Obra científica [de Manuel Sandoval Vallarta] / 
264 4 |a México :  |b UNAM :  |b Instituto Nacional de Energía Nuclear,  |c 1978, c1978 
300 |a XXIII, 585 p. ;  |c 23.0 cm. 
336 |a texto  |b txt  |2 rdacontenido 
337 |a sin mediación  |b n  |2 rdamedio 
338 |a volumen  |b nc  |2 rdasoporte 
649 |a XX 
700 |a Mondragón, Alfonso  |e (compilación) 
700 |a Barnés, Dorotea  |e (compilación) 
910 |a Fondo Hugo B. Margáin 
920 |a Impresos - Libros 
930 |a Libros Antiguos y Raros 
905 |a 126 
901 |a 0500315901  |b IT2  |c LRA  |i D106567  |u 20250526 
901 |a 0500315902  |b IT2  |c LRA  |i D106575  |u 20250526 
901 |a 0500395636  |b IT2  |c LRA  |i D  |u 20250526 
902 |a https://opac.biblio.iteso.mx/vufind/Record/000432108